الموسوعة العلمية للصناعات النسجية في مصر خلال خمسين عاما 1944-1994. (Record no. 10098)
[ view plain ]
| 000 -الفاتح | |
|---|---|
| حقل البيانات ثابتة الطول | 00920nam a22002417a 4500 |
| 003 - محدد رقم الضبط | |
| رقم الضبط | EG-ScBUE |
| 005 - وقت وتاريخ اخر تعامل مع التسجيلة | |
| رقم الضبط | 20201124141902.0 |
| 008 - عناصر البيانات ثابتة الطول - معلومات عامة | |
| حقل البيانات ثابتة الطول | 080811s1994 ua f e 001 0 ara d |
| 040 ## - مصدر الفهرسة | |
| وكالة الفهرسة الأصلية | EG-ScBUE |
| لغة الفهرسة | ara |
| قواعد الوصف | rda |
| وكالة النسخ | EG-ScBUE |
| وكالة التعديل | EG-ScBUE |
| 082 04 - رقم تصنيف ديوى العشرى | |
| رقم التصنيف | 338.4767796203 |
| رقم المادة | م و س |
| رقم الطبعة | 22 |
| 245 02 - بيان العنوان | |
| العنوان | الموسوعة العلمية للصناعات النسجية في مصر خلال خمسين عاما 1944-1994. |
| 264 #1 - النشر، التوزيع | |
| مكان الناشر او الموزع | جمهورية مصر العربية : |
| اسم الناشر او الموزع | أكاديمية البحث العلمي والتكنولوجيا، |
| تاريخ النشر أو التوزيع | 1994. |
| 300 ## - الوصف المادى | |
| التعداد | 3 مجلدات ؛ |
| أبعاد الوعاء | 32 سم |
| 336 ## - نوع المحتوى | |
| source | rdacontent |
| Carrier Type Term | نص |
| Content Type Code | txt |
| 337 ## - نوع الوسيط | |
| source | rdamedia |
| Media Type Term | بدون وسيط |
| Media Type Code | n |
| 338 ## - نوع الحامل أو الناقل | |
| source | rdacarrier |
| Carrier Type Term | مجلد |
| Carrier Type Code | nc |
| 500 ## - تبصرة عامة | |
| تبصرة عامة | يشتمل على فهرس. |
| 541 ## - تبصرة المصدر المباشر للتزويد | |
| مصدر التزويد | إهداء ؛ |
| طريقة التزويد | دكتور أحمد حمزة ؛ |
| 651 ## - المدخل الاضافى بالموضوع - اسم جغرافى | |
| مصدر الرأس أو المصطلح | BUEsh |
| 653 ## - مصطلح تكشيفى غير مقيد | |
| Resource For college | Generalities |
| Arrived date list | October2020 |
| 655 ## - مصطلح تكشيفى-نوع/شكل | |
| التقسيم الفرعي الشكلي | Reading book |
| -- | 34232 |
| 942 ## - عناصر المدخل الإضافي( كوها) | |
| مصدر التصنيف او مخطط الترفيف | Dewey Decimal Classification |
| Koha [default] item type | Reference (NB) |
| حالة التراجع | حالة الفقد | مصدر التصنيف او خطة الترفيف | حالة تلف | ليس للاعارة | مجموعات كوها | المكان الدائم | المكان الحالي | موقع الترفيف | تاريخ الاكتساب | Source of acquisition | رقم الاستدعاء | الباركود | Date last seen | التكلفة | نوع الوعاء | تبصرة عامة |
|---|---|---|---|---|---|---|---|---|---|---|---|---|---|---|---|---|
| Dewey Decimal Classification | Donation-Gift | Central Library | Central Library | Ground Floor | 11/08/2008 | 338.4767796203 م و س | 000001129 | 15/07/2025 | 2008.00 | Reference (NB) | ج 2 | |||||
| Dewey Decimal Classification | Donation-Gift | Central Library | Central Library | Ground Floor | 11/08/2008 | 338.4767796203 م و س | 000001128 | 15/07/2025 | Reference (NB) | ج 3 | ||||||
| Dewey Decimal Classification | Donation-Gift | Central Library | Central Library | Ground Floor | 11/08/2008 | 338.4767796203 م و س | 000001130 | 15/07/2025 | 2008.00 | Reference (NB) | ج 1 | |||||
| Dewey Decimal Classification | Baccah | Central Library | Central Library | First floor | 27/10/2020 | Purchase | 338.4767796203 م و س | 000050135 | 15/07/2025 | Reference (NB) | الجزء الأول | |||||
| Dewey Decimal Classification | Baccah | Central Library | Central Library | First floor | 27/10/2020 | Purchase | 338.4767796203 م و س | 000050136 | 15/07/2025 | Reference (NB) | الجزء الثاني | |||||
| Dewey Decimal Classification | Baccah | Central Library | Central Library | First floor | 27/10/2020 | Purchase | 338.4767796203 م و س | 000050137 | 15/07/2025 | Reference (NB) | الجزء الثالث | |||||
| Dewey Decimal Classification | Baccah | Central Library | Central Library | First floor | 27/10/2020 | Purchase | 338.4767796203 م و س | 000050138 | 15/07/2025 | Reference (NB) | الجزء الأول | |||||
| Dewey Decimal Classification | Baccah | Central Library | Central Library | First floor | 27/10/2020 | Purchase | 338.4767796203 م و س | 000050139 | 15/07/2025 | Reference (NB) | الجزء الثاني | |||||
| Dewey Decimal Classification | Baccah | Central Library | Central Library | First floor | 27/10/2020 | Purchase | 338.4767796203 م و س | 000050140 | 15/07/2025 | Reference (NB) | الجزء الثالث |